ბათუმის შოთა რუსთაველის სახელმწიფო უნივერსიტეტის ბიბლიოთეკა

Геофизика ландшафта. (ბიბ.ჩანაწერი № 34978)

000 -LEADER
fixed length control field 00665nam a2200229Ia 4500
001 - CONTROL NUMBER
control field 813
003 - CONTROL NUMBER IDENTIFIER
control field GE_BSU
008 - FIXED-LENGTH DATA ELEMENTS--GENERAL INFORMATION
fixed length control field 181216s||||||||xx |||||||||||||| ||und||
020 ## - INTERNATIONAL STANDARD BOOK NUMBER
International Standard Book Number 5060015661
040 ## - CATALOGING SOURCE
Transcribing agency GE_BSU
080 ## - UNIVERSAL DECIMAL CLASSIFICATION NUMBER
Universal Decimal Classification number 551.4(05.8)
100 ## - MAIN ENTRY--PERSONAL NAME
Personal name Беручашвили, Н.Л.
245 ## - TITLE STATEMENT
Title Геофизика ландшафта.
245 ## - TITLE STATEMENT
Remainder of title Учебное пособие для студ. ун-тов,обучающихся по спец.,География
260 ## - PUBLICATION, DISTRIBUTION, ETC.
Place of publication, distribution, etc. Моска
260 ## - PUBLICATION, DISTRIBUTION, ETC.
Name of publisher, distributor, etc. ,,Высш.Школа"",
260 ## - PUBLICATION, DISTRIBUTION, ETC.
Date of publication, distribution, etc. 1990
300 ## - PHYSICAL DESCRIPTION
Extent 288 с
653 ## - INDEX TERM--UNCONTROLLED
Uncontrolled term Геофизика Ландшафтф
942 ## - ADDED ENTRY ELEMENTS (KOHA)
Koha item type წიგნი
ეგზემპლარები
Withdrawn status Lost status Damaged status Not for loan Date acquired Barcode Date last seen Price effective from Koha item type
        2018-12-17 1960 2018-12-17 2018-12-17 წიგნი